ARRUPE JESUIT UNIVERSITY

CORONAVIRUS -STOP THE SPREAD - CLEAN,DISINFECT,COVER

Cup of life : (Record no. 125665)

MARC details
000 -LEADER
fixed length control field 00884cam a2200301 i 4500
001 - CONTROL NUMBER
control field 4427597
003 - CONTROL NUMBER IDENTIFIER
control field ARRUPE
005 - DATE AND TIME OF LATEST TRANSACTION
control field 20161103113157.0
008 - FIXED-LENGTH DATA ELEMENTS--GENERAL INFORMATION
fixed length control field 761109s1976 enk b 000 0 eng
010 ## - LIBRARY OF CONGRESS CONTROL NUMBER
LC control number 76375919
020 ## - INTERNATIONAL STANDARD BOOK NUMBER
International Standard Book Number 0281029156 :
035 ## - SYSTEM CONTROL NUMBER
System control number (OCoLC)2633506
035 ## - SYSTEM CONTROL NUMBER
System control number (OCoLC)ocm02633506
035 ## - SYSTEM CONTROL NUMBER
System control number (NNC)4427597
040 ## - CATALOGING SOURCE
Original cataloging agency DLC
Transcribing agency DLC
Modifying agency NNUT
050 0# - LIBRARY OF CONGRESS CALL NUMBER
Classification number BM155.2
Item number .P64
090 ## - LOCALLY ASSIGNED LC-TYPE CALL NUMBER (OCLC); LOCAL CALL NUMBER (OCLC)
Classification number (OCLC) (R) ; Classification number, CALL (RLIN) (NR) BM155.2
Local cutter number (OCLC) ; Book number/undivided call number, CALL (RLIN) .P64
300 ## - PHYSICAL DESCRIPTION
Dimensions 22 cm.
100 1# - MAIN ENTRY--PERSONAL NAME
Personal name Polack, A. I.
Fuller form of name (Albert Isaac),
Dates associated with a name 1892-
9 (RLIN) 27268
245 10 - TITLE STATEMENT
Title Cup of life :
Remainder of title a short history of post-biblical Judaism /
Statement of responsibility, etc Albert I. Polack and Joan Lawrence.
260 ## - PUBLICATION, DISTRIBUTION, ETC. (IMPRINT)
Place of publication, distribution, etc London :
Name of publisher, distributor, etc SPCK,
Date of publication, distribution, etc c1976.
300 ## - PHYSICAL DESCRIPTION
Extent vii, 187 p. ;
504 ## - BIBLIOGRAPHY, ETC. NOTE
Bibliography, etc Bibliography: p. [183]-186.
650 20 - SUBJECT ADDED ENTRY--TOPICAL TERM
Topical term or geographic name as entry element Jews
General subdivision History
Chronological subdivision 70-
9 (RLIN) 27269
650 #0 - SUBJECT ADDED ENTRY--TOPICAL TERM
Topical term or geographic name as entry element Judaism
General subdivision History.
9 (RLIN) 684
700 1# - ADDED ENTRY--PERSONAL NAME
Personal name Lawrence, Joan.
9 (RLIN) 27270
942 ## - ADDED ENTRY ELEMENTS (KOHA)
Source of classification or shelving scheme Library of Congress Classification
Koha item type Monograph ( Printed materials)
Holdings
Withdrawn status Lost status Source of classification or shelving scheme Damaged status Not for loan Collection code Home library Current library Shelving location Date acquired Total Checkouts Full call number Barcode Date last seen Price effective from Koha item type
    Library of Congress Classification     Main Collection ARRUPE LIBRARY ARRUPE LIBRARY Main Collection 03/11/2016   BM155.2 .P64 46500009935 03/11/2016 03/11/2016 Monograph ( Printed materials)

 

Arrupe Library. PO Box MP320 Mt Pleasant, Harare, Zimbabwe
263 242 745411|librarian@aju.ac.zw